| 000 | 00938nam a2200265Ia 4500 | ||
|---|---|---|---|
| 003 | OSt | ||
| 005 | 20221005105335.0 | ||
| 006 | a|||||r|||| 00| 0 | ||
| 007 | ta | ||
| 008 | 221004b |||||||| |||| 00| 0 hin d | ||
| 020 |
_a8128810081 (pbk) _cIndian Rupees 75 |
||
| 024 | _a70858 | ||
| 037 |
_bGift, 11/12/2021, _cTextual |
||
| 040 |
_aCRL _cCRL _bhin |
||
| 041 |
_2hin _ahin |
||
| 082 | _aO152,8N45x, P5 | ||
| 100 | _aशर्मा, सुरेन्द्र, ले. | ||
| 245 | 0 | _aबडे बडों के उत्पात | |
| 246 | _aBaḍe baḍoan ke utpāta | ||
| 260 |
_aनई दिल्ली _bडायमंड बुक्स भारत _c2005 |
||
| 300 |
_a173पृ0 _ccm. |
||
| 650 | _aहिन्दी साहित्य | ||
| 942 |
_hO152,8N45x, P5 _cTEXL _2cc |
||
| 999 |
_c1015523 _d1015523 |
||